| 000 | 00700nam a22001577a 4500 | ||
|---|---|---|---|
| 003 | OSt | ||
| 005 | 20160208141324.0 | ||
| 008 | 160208b xxu||||| |||| 00| 0 eng d | ||
| 040 | _cRUA | ||
| 082 | _aMGR HIN 2004 B376 Or.1 | ||
| 100 |
_96967 _aHING THIDA; ហ៊ីង ធីតា |
||
| 245 | _aResponse of tomato (lycopersicon esculentum) to organic and inorganic fertilizer application on the sandy soil. ឥទ្ធិពលជីគីមី និងជីសរីរាង្គ លើដំណាំប៉េងប៉ោះ(Lycopersicon esculentum) លើដីល្បាយខ្សាច់ | ||
| 260 |
_aPhnom Penh _bRUA _c2004 |
||
| 300 |
_ax ;55p. _bill. _c29cm. |
||
| 942 |
_2ddc _cNRM |
||
| 999 |
_c6556 _d6556 |
||